Translate English to Meme Man #1 - Statistics

General Stats
  • This quiz has been taken 24 times
  • The average score is 6 of 10
Answer Stats
English Meme Man % Correct
Stock Stonk
91%
Boy Boi
87%
Health Helth
87%
Thick Thicc
78%
Good Gud
74%
Justice Justis
57%
Word Wurd
43%
YouTube YouTub
30%
Dog Doggo
26%
Stop Stonp
13%
No matching quizzes found
Score Distribution
Percent of People with Each Score
Percentile by Number Answered
Your Score History
You have not taken this quiz